|
|
|
|
| LEADER |
01697nam a22003137a 4500 |
| 001 |
34294 |
| 003 |
BD-DhAAL |
| 005 |
20190428122024.0 |
| 008 |
190214t2018 bg a|||| b||| 00| 0 eng d |
| 999 |
|
|
|c 40438
|d 40438
|
| 020 |
|
|
|a 9848104745
|
| 040 |
|
|
|a BD-DhAAL
|
| 082 |
|
|
|2 21
|a 307.1412095
|
| 245 |
|
|
|a Rural development report 2017 :
|b Impacts of climate change on Rural livelihoods in CIRDAP member countries /
|c edited by Tevita G. Boseiwaqa Taginavulau and M. H. Kawsar Rudro
|
| 246 |
|
|
|a Impacts of climate change on Rural livelihoods on CIRDAP member countries /
|
| 260 |
|
|
|a Dhaka :
|b Centre on Integrated Rural Development for Asia and the Pacific (CIRDAP),
|c 2018
|
| 300 |
|
|
|a xvii, 105 pages ;
|b illustrations :
|c 24 cm.
|
| 490 |
|
|
|a CIRDAP study series, no. 223
|
| 650 |
|
|
|a Rural development
|z Asia.
|9 29997
|
| 650 |
|
|
|a Rural development.
|9 29998
|
| 650 |
|
|
|a Climatic changes
|z South Asia
|v Congresses
|9 30003
|
| 700 |
|
|
|a Taginavulau, Tevita G. Boseiwaqa
|9 29999
|
| 700 |
|
|
|a Rudro, M. H. Kawsar
|9 30000
|
| 830 |
|
|
|a CIRDAP study series, no. 223
|9 30001
|
| 852 |
|
|
|a Ayesha Abed Library
|c General Stacks
|
| 942 |
|
|
|2 ddc
|c BK
|
| 952 |
|
|
|0 0
|1 0
|2 ddc
|4 0
|6 307_141209500000000_RUR
|7 0
|9 65050
|a BRACUL
|b BRACUL
|c GEN
|d 2019-02-14
|e Complimentary Copy
|l 0
|o 307.1412095 RUR
|p 3010034294
|r 2019-02-14
|t 1
|w 2019-02-14
|y BK
|
| 952 |
|
|
|0 0
|1 0
|2 ddc
|4 0
|6 307_141209500000000_RUR
|7 0
|9 65428
|a BRACUL
|b BRACUL
|c GEN
|d 2019-04-28
|e Complimentary copy from CIRDAP
|l 0
|o 307.1412095 RUR
|p 3010034594
|r 2019-04-28
|t 2
|w 2019-04-28
|y BK
|
| 952 |
|
|
|0 0
|1 0
|2 ddc
|4 0
|6 307_141209500000000_RUR
|7 0
|9 65429
|a BRACUL
|b BRACUL
|c GEN
|d 2019-04-28
|e Complimentary copy from CIRDAP
|l 0
|o 307.1412095 RUR
|p 3010034595
|r 2019-04-28
|t 3
|w 2019-04-28
|y BK
|